| 000 | 00623nam a2200181 i 4500 | ||
|---|---|---|---|
| 001 | 66329 | ||
| 003 | ES-MaACL | ||
| 005 | 20231216062906.0 | ||
| 007 | t| | ||
| 008 | 040203s1923 fr ||||1| fre d | ||
| 100 | 1 |
_aGalindo Romeo, Pascual, _d1892-1990 _953446 |
|
| 245 | 1 | 2 |
_aL'Abbage de Snt-Savin de Lavedan et ses possession áa Saragosse et áa Cortada au XII siecle / _cpar Pascual Galindo Romeo et Alphonse Meillon. |
| 260 |
_aTarbes : _b[s.n., _c1923] ( _fImp. Lesbordes) |
||
| 300 |
_a46 p. ; _c26 cm. |
||
| 700 | 1 |
_aMeillon, Alphonse. _979844 |
|
| 852 |
_aES-MaACL _j1603-F-15 |
||
| 999 |
_c66329 _d66329 |
||